Сравнительный анализ обеспечения безопасности на устройствах под управлением Windows Phone и Android; Технологии Microsoft в теории и практике программирования

Xehetasun bibliografikoak
Parent link:Технологии Microsoft в теории и практике программирования.— 2014.— [С. 263-265]
Egile nagusia: Горохова Е. С.
Gaia:Заглавие с титульного листа.
Nowadays issue of safety users data is becoming more burning. This article reviews and analyzes methods of implementation security on Windows Phone and Android. It also gives some advises to users in order to improve level of security on their gadgets.
Hizkuntza:errusiera
Argitaratua: 2014
Saila:Облачные технологии в практиках программирования
Gaiak:
Sarrera elektronikoa:http://www.lib.tpu.ru/fulltext/c/2014/C28/102.pdf
Formatua: MixedMaterials Baliabide elektronikoa Liburu kapitulua
KOHA link:https://koha.lib.tpu.ru/cgi-bin/koha/opac-detail.pl?biblionumber=609589

MARC

LEADER 00000naa2a2200000 4500
001 609589
005 20260324142948.0
035 |a (RuTPU)RU\TPU\conf\7083 
035 |a RU\TPU\conf\7082 
090 |a 609589 
100 |a 20141121d2014 k y0rusy50 ca 
101 0 |a rus 
102 |a RU 
135 |a drgn ---uucaa 
181 0 |a i  
182 0 |a b 
200 1 |a Сравнительный анализ обеспечения безопасности на устройствах под управлением Windows Phone и Android  |f Е. С. Горохова 
203 |a Текст  |c электронный 
225 1 |a Облачные технологии в практиках программирования 
300 |a Заглавие с титульного листа. 
320 |a [Библиогр.: с. 265 (5 назв.)] 
330 |a Nowadays issue of safety users data is becoming more burning. This article reviews and analyzes methods of implementation security on Windows Phone and Android. It also gives some advises to users in order to improve level of security on their gadgets. 
337 |a Adobe Reader 
463 1 |0 (RuTPU)RU\TPU\conf\6841  |t Технологии Microsoft в теории и практике программирования  |o сборник трудов XI Всероссийской научно-практической конференции студентов, аспирантов и молодых ученых, г.Томск, 23-24 апреля 2014 г.  |f Национальный исследовательский Томский политехнический университет (ТПУ), Институт кибернетики ; ред. кол. А. В. Лиепиньш и др.  |v [С. 263-265]  |d 2014 
610 1 |a электронный ресурс 
610 1 |a труды учёных ТПУ 
610 1 |a сравнительный анализ 
610 1 |a безопасность 
610 1 |a Windows Phone 
610 1 |a Android 
610 1 |a защита информации 
700 1 |a Горохова  |b Е. С. 
801 2 |a RU  |b 63413507  |c 20141121  |g RCR 
856 4 |u http://www.lib.tpu.ru/fulltext/c/2014/C28/102.pdf 
942 |c BK